000 00607cam a22002291 4500
001 sa 67002148
003 DLC
005 20260227112328.0
008 890613s1966 ii c b 000 0 beno
010 _asa 67002148
035 _a(OCoLC)19864108
040 _aDLC
_cWaU
_dDLC
042 _apremarc
050 0 0 _aBL1265.R3
_bG33
100 1 _aGarai, Madan Mohan.
245 1 0 _aRāmamohana : samaẏa, jībana, sādhanā.
260 _c[1966]
300 _a10, 256 p.
_bport.
_c23 cm.
500 _aIn Bengali.
504 _aBibliography: p. [250]-256.
600 0 0 _aRammohun Roy,
_cRaja,
_d1772?-1833.
999 _c73073
_d73073